000 00423nam a2200157Ia 4500
999 _c6005
_d6005
003 OSt
005 20201027160756.0
008 190216s9999||||xx |||||||||||||| ||und||
040 _coclc
082 _a658.8
_bKIN/M
100 _91252
_aKing's
245 0 _aMarketing Management /
_cKing's
260 _bKing`S Books,
_c1987.
_aDelhi:
300 _a447p
942 _cBK
_2ddc
_h658.8
_iKIN/M
_k658.8
_mKIN/M